000 00522nam a22001817a 4500
003 UA-OsUOA
001 8778
007 ta
008 20040927b un ||||| |||| 00| 0 ukr d
100 _aРєзнікова В.
942 _cSA
040 _aUA-OsUOA
_cUA-OsUOA
_dUA-OsUOA
245 _aПраво людини на інформацію про стан здоров'я
300 _aС.36-39
955 _a0
773 0 _w0
_tПраво України
_dКиїв
_d2004
_gN9
650 7 _aЦивільне право
_2UDC
999 _c294939
_d294939